BIBLIOTECA

SENCICO

Servicios de rehabilitación profesional para las personas inválidas : Disposiciones legislativas (Registro nro. 3255)

Detalles MARC
000 -LEADER
fixed length control field 00586nam a2200181Ia 4500
005 - DATE AND TIME OF LATEST TRANSACTION
control field 20251020182608.0
008 - FIXED-LENGTH DATA ELEMENTS--GENERAL INFORMATION
fixed length control field 200515s9999 xx 000 0 und d
082 ## - DEWEY DECIMAL CLASSIFICATION NUMBER
Classification number SC/615.8:331-056.24/O36
110 ## - MAIN ENTRY--CORPORATE NAME
Corporate name or jurisdiction name as entry element OIT
245 #0 - TITLE STATEMENT
Title Servicios de rehabilitación profesional para las personas inválidas : Disposiciones legislativas
260 ## - PUBLICATION, DISTRIBUTION, ETC.
Place of publication, distribution, etc. Ginebra
260 ## - PUBLICATION, DISTRIBUTION, ETC.
Date of publication, distribution, etc. 1987
300 ## - PHYSICAL DESCRIPTION
Extent 172
520 ## - SUMMARY, ETC.
Summary, etc. Se basa en las respuestas de los gobiernos de 68 Estados Miembros de la OIT de todas las regiones del mundo
650 ## - SUBJECT ADDED ENTRY--TOPICAL TERM
Topical term or geographic name entry element PUB OIT
650 ## - SUBJECT ADDED ENTRY--TOPICAL TERM
Topical term or geographic name entry element REHABILITACION PROFESIONAL
942 ## - ADDED ENTRY ELEMENTS (KOHA)
Koha item type Libros
Existencias
Fecha de la última vez que lo usaron Pago total Signatura topográfica completa Código de barras Precio efectivo desde Tipo de documento Estado perdido Estado dañado No es para préstamo Retirado Ubicación permanente Ubicación actual Fecha de adquisición
15/05/2020   SC/615.8:331-056.24/O36 Bib-Lima15053255 15/05/2020 Libros         Biblioteca Central Lima Biblioteca Central Lima 15/05/2020